01386cam a22003611a 4500001001000000003000400010005001700014008003900031010001700070020002500087020002200112020002600134020002600160020002600186040004000212082002000252100003700272245012800309260004300437300002800480500002400508504004100532650003600573650002600609653002200635655002400657690004400681700002600725942002000751999001700771952011800788952011800906016015238OSt20150326124816.0120105t2012 cau b 001 0 eng a2011052645  a9781118138595 (hbk.) a1118138597 (hbk.) z9781118225431 (ebook) z9781118238837 (ebook) z9781118263525 (ebook) aStDuBDSbengcStDuBDSdUkdEG-ScBUE00a338.04bSCH2221 aSchwartz, Beverly,d1949-93749710aRippling :bhow social entrepreneurs spread innovation throughout the world /cBeverly Schwartz ; foreword by Bill Drayton. aSan Francisco :bJossey-Bass,cc.2012. axviii, 269 p. ;c24 cm. aIndex : p. 261-269. aIncludes bibliographical references. 0aSocial entrepreneurship.935712 0aSocial change.921180 bBUSADMcMarch2015 vreading book9342327 aManagement and Business Studies2blcoll1 aDrayton, Bill.937499 2ddck338.04 SCH c19108d19080 00102ddc40708BaccahaMAINbMAINc1STd2015-03-23epurchasel0o338.04 SCHp000037754r2025-07-15 00:00:00yBB 00102ddc40708BaccahaMAINbMAINc1STd2015-03-26epurchasel0o338.04 SCHp000037823r2025-07-15 00:00:00yBB